000 00487cam a2200193ua 4500
001 2318
005 20260515113455.0
008 110811n ii |||gr||||Z||||||asm
040 _cMAIN
082 _a371.3
100 _aGoswami, Jatindranath,
_eAuthor.
245 1 _aMatri bhasa sikshan
_cby Jatindranath Goswami
250 _a1srt.
260 _aGuahati:
_bOriental book company,964.
300 _a100p:
_c23cm.
653 _aEducation
653 _aMatri bhasa sikshan
942 _cBK
999 _c2175
_d2175